Human rights in Bangladesh : (Record no. 1894)

MARC details
000 -LEADER
fixed length control field 00640nam a2200193 a 4500
003 - CONTROL NUMBER IDENTIFIER
control field BD-DhJNU
005 - DATE AND TIME OF LATEST TRANSACTION
control field 20250715050009.0
008 - FIXED-LENGTH DATA ELEMENTS--GENERAL INFORMATION
fixed length control field 150407s2014 bg b 001 0 eng
020 ## - INTERNATIONAL STANDARD BOOK NUMBER
International Standard Book Number 9789845061520
040 ## - CATALOGING SOURCE
Original cataloging agency BD-DhJNU
Language of cataloging ENG
Transcribing agency BD-DhJNU
Modifying agency BD-DhJNU
082 00 - DEWEY DECIMAL CLASSIFICATION NUMBER
Classification number 323.9542 HUM
Edition number 23
245 00 - TITLE STATEMENT
Title Human rights in Bangladesh :
Remainder of title past, present and futures /
Statement of responsibility, etc. edited by Imtiaz Ahmed
264 #1 - PRODUCTION, PUBLICATION, DISTRIBUTION, MANUFACTURE, AND COPYRIGHT NOTICE
Place of production, publication, distribution, manufacture Dhaka :
Name of producer, publisher, distributor, manufacturer The University Press Limited,
Date of production, publication, distribution, manufacture, or copyright notice 2014.
300 ## - PHYSICAL DESCRIPTION
Extent xvi, 373 pages ;
Dimensions 22 cm
504 ## - BIBLIOGRAPHY, ETC. NOTE
Bibliography, etc. note Includes bibliographical references and index.
650 #0 - SUBJECT ADDED ENTRY--TOPICAL TERM
Topical term or geographic name entry element Human rights
Geographic subdivision Bangladesh.
700 1# - ADDED ENTRY--PERSONAL NAME
Personal name Ahmed, Imtiaz,
Dates associated with a name 1958-
Relator term editor.
942 ## - ADDED ENTRY ELEMENTS (KOHA)
Koha item type Books
Holdings
Withdrawn status Lost status Source of classification or shelving scheme Damaged status Not for loan Collection Home library Current library Shelving location Date acquired Source of acquisition Total checkouts Full call number Barcode Date last seen Copy number Price effective from Koha item type
    Dewey Decimal Classification     Non-fiction Jagannath University Central Library Jagannath University Central Library General stacks 07/15/2025 Purchased   323.9542 HUM JNUCL29713 07/15/2025 1 07/15/2025 Books